Culture Générale - Série 2675 - Statistiques

Statistiques générales
  • Ce quiz a été pris 99 fois
  • Le résultat moyen est 4 sur 10
Statistiques - réponses
Question Réponse % Correct
Quel animal était appelé goupil au Moyen Âge) ? renard
87%
En quelle année le paquebot Titanic a-t-il coulé ? 1912
82%
Quel aliment est la pita ? pain
75%
Combien y-a-t-l d'étoiles sur le drapeau américain ? 50
50%
Ancienne cité grecque, capitale de la Thrace, située à l'entrée du Bosphore, qui a été renommée Constantinople en 330 apr. J.-C. et Istanbul en 1930. Byzance
49%
De quelle ville française Le Castillet (monument qui fut tour à tour porte de la ville et prison d'État. est-il l'emblème ? voir photo Perpignan
25%
Petit navire à voile à un seul mât - anagramme de "recto" cotre
21%
Qui était Boule de Suif dans la nouvelle de Guy de Maupassant écrite en 1879 ? prostituée
20%
Liquide noirâtre sécrété par la seiche - Matière colorante d'un brun très foncé sépia
13%
Quelle espèce d'insecte est la nèpe ? punaise
7%
Aucun quiz correspondant
Distribution des résultats
% des personnes avec chaque résultat
Percentile par nombre de réponses
Votre historique - résultats
Vous n’avez pas pris ce quiz